000 00309nam a22001217a 4500
008 180425b xxu||||| |||| 00| 0 eng d
041 _aeng
080 _a043.3
100 _a0
101 _aSHKI-MA
245 _aSfidat ne Implementimin dhe Aplikimin e ERP Sistemeve ne Kosove
_cGervalla, M
942 _2udc
_cBK
999 _c45498
_d45498